Anatomy of an affair : how affairs, attractions, ... Read More
Available copies
- 1 of 1 copy available at LARL/NWRL Consortium.
- 1 of 1 copy available at Lake Agassiz Regional Library. (Show preferred library)
Current holds
0 current holds with 1 total copy.
Show All Copies
| Location | Call Number / Copy Notes | Barcode | Shelving Location | Status | Due Date |
|---|---|---|---|---|---|
| Moorhead Public Library | 306.736 CAR (Text) | 33500012607222 | Main | Available | - |
Record details
- ISBN: 9780802416735
- ISBN: 080241673X
- Physical Description: 190 pages; 24 cm.
- Publisher: Chicago : Moody Publishers, [2017]
Content descriptions
| General Note: | "This is a revised edition of Close Calls: What Adulterers Want You to Know About Protecting Your ... Read More |
| Bibliography, etc. Note: | Includes bibliographical references. |
Search for related items by subject
| Subject: | Adultery Marriage > Psychological aspects. Adultery Marriage > Psychological aspects. |
| LDR | 01522cam a22003978i 4500 | ||
|---|---|---|---|
| 001 | 269833 | ||
| 003 | LARL_NWRL_CONSORTIUM | ||
| 005 | 20171031101417.0 | ||
| 008 | 170810s2017 ilu b 000 0 eng | ||
| 010 | . | ‡a 2017026768 | |
| 040 | . | ‡aDLC ‡beng ‡erda ‡cDLC ‡dOCLCO ‡dBDX ‡dBCT ‡dOCLCF | |
| 020 | . | ‡a9780802416735 | |
| 020 | . | ‡a080241673X | |
| 035 | . | ‡a(OCoLC)1000447331 | |
| 042 | . | ‡apcc | |
| 082 | 0 | 0. | ‡a306.73/6 ‡223 |
| 100 | 1 | . | ‡aCarder, David, ‡eauthor ‡0(LARL_NWRL_CONSORTIUM)224159 |
| 240 | 1 | 0. | ‡aClose calls |
| 245 | 1 | 0. | ‡aAnatomy of an affair : ‡bhow affairs, attractions, and addictions develop, and how to guard your marriage against them / ‡cDave Carder. |
| 264 | 1. | ‡aChicago : ‡bMoody Publishers, ‡c[2017] | |
| 300 | . | ‡a190 pages; ‡c24 cm. | |
| 336 | . | ‡atext ‡btxt ‡2rdacontent | |
| 337 | . | ‡aunmediated ‡bn ‡2rdamedia | |
| 338 | . | ‡avolume ‡bnc ‡2rdacarrier | |
| 500 | . | ‡a"This is a revised edition of Close Calls: What Adulterers Want You to Know About Protecting Your Marriage by Dave Carder, 2008." | |
| 504 | . | ‡aIncludes bibliographical references. | |
| 650 | 0. | ‡aAdultery ‡0(LARL_NWRL_CONSORTIUM)12820 | |
| 650 | 0. | ‡aMarriage ‡xPsychological aspects. ‡0(LARL_NWRL_CONSORTIUM)166053 | |
| 650 | 7. | ‡2fast ‡aAdultery ‡0(LARL_NWRL_CONSORTIUM)12820 | |
| 650 | 7. | ‡aMarriage ‡xPsychological aspects. ‡2fast ‡0(LARL_NWRL_CONSORTIUM)166053 | |
| 776 | 0 | 8. | ‡iOnline version: ‡aCarder, David, author ‡tAnatomy of an affair ‡dChicago : Moody Publishers, [2017] ‡z9780802496317 ‡w(DLC) 2017038470 |
| 905 | . | ‡uvanderl | |
| 901 | . | ‡a269833 ‡b ‡c269833 ‡tbiblio ‡soclc | |

Add to basket
Permalink
Disable Highlighting